zpět

Detail výsledku týmu

U Pošty - Vinohrady ÚT, Praha

Datum a čas kvízu

18.5 Celkem bodů Celkový počet nahraných bodů na tomto kvízu bez doplňovacích otázek.
14. Pořadí na kvízu Konečné umístění týmu na tomto kvízu.

Zaznamenané odpovědi

# Otázka Odpověď Body Výsledky
1. Jak se jmenuje sídlo na Uhersk... D 1
2. Mezinárodní tým záchranářů v ú... v Turecku 1
3. V pátek měla na Netflixu premi... Bory 1
4. Ve které zemi vydal telekomuni... ve Francii 1
5. Která tenistka, světová jednič... Simona Halep 0
6. Anglický výraz GOAT zkracuje o... Eddy Merckx 0
7. Nejrychlejší muž planety a osm... Carl Lewis 0
8. Pokud se kohokoliv zeptáte na... 1C 2A 3B 4D 0
9. Do éry kralování Michaela Schu... A 1
10. V březnu 2023 tato americká ly... Mikaela Shiffrin 0